El agua en la agricultura; tratado de hidrología agrícola /

Guardado en:
Autor Principal: Conti, Marcelo
Formato: Libro
Publicado: Buenos Aires : López, 1948
Edición:2a. ed.
Materias:
Etiquetas: Agregar Etiqueta
Sin Etiquetas, Sea el primero en etiquetar este registro!
LEADER 00542nam a22001815a 4500
001 CEM.cems015781
008 130507s1948##################000#0#####d
005 20210811191210.0
003 CEMS
245 1 0 |a El agua en la agricultura; tratado de hidrología agrícola /  |c Marcelo Conti, 
250 |a 2a. ed. 
260 |a Buenos Aires :  |b López,  |c 1948 
300 |a 558 p. 
100 1 |a Conti, Marcelo 
082 0 4 |a 631.7 
653 |a Agua-agricultura 
653 |a Hidrología-agrícola 
859 |a CEMS  |b BIB. CEMS - Agricultura  |h 631.7  |i C767a2  |p A13750.85  |t Ej.1